00728nam a2200217Ia 4500999001700000003000400017005001700021008004100038040000600079082001600085100002300101245009200124250001200216260008400228300001200312650003100324650003200355700002400387942001200411952008700423 c28533d28533OSt20250827102027.0250310s9999||||xx |||||||||||||| ||und|| c. a621.3bT398 940aTheraja, B. L. 0aA Textbook of Electrical technology in S.I. units /cby B. L. Theraja and A. K. Theraja a1st ed. aNew Delhi :bPublication Division of Nirja Construction and Development,c1995. a1144 p. 0911aElectrical Engineering 092749aElectrical technology 91842aTheraja, A.K. cBK2ddc 00102ddc4070aCLbCLd2025-03-10o621.3 T398p06342r2025-03-10w2025-03-10yBK